000 00488nam a2200157 4500
001 145294
003 ES-MaACL
007 t|
008 070214s1980 mx r ||||1| spa d
100 1 _aSoria, Víctor M.
_9107361
245 1 0 _aRelaciones humanas
_b: teoría y casos : curso de comportamiento en la organización /
_cVíctor M. Soria.
250 _a1ª ed.
260 _aMéxico :
_bLimusa,
_c1980 (
_fRebosán)
300 _a491 p. ;
_c23 cm.
852 _aES-MaACL
_jL-7119
_bR.107724
999 _c145294
_d145294